| 000 | 04808nam a2200493Ia 4500 | ||
|---|---|---|---|
| 001 | dia_7506 | ||
| 003 | CHAP | ||
| 005 | 20240624103939.0 | ||
| 007 | ta | ||
| 008 | 220601s2018 mx abdofrm 001 0 spa d | ||
| 040 |
_amxchpua _erda _cCHAP |
||
| 041 | 0 |
_aspa _beng |
|
| 090 |
_aTesis _bB37 _c2018 |
||
| 100 | 1 | _aBarbosa Domínguez, Getsemany | |
| 240 | 1 | 0 |
_aIsolation and characterization of yeats in zarzamora (Rubus spp.), for your vinification. _lEspañol |
| 245 | 1 | 0 |
_aAislamiento y caracterización de cepas de levadura en zarzamora (Rubus ssp.), para su vinificación / _cGetsemany Barbosa Domínguez y Oscar García Menénguez |
| 264 |
_aChapingo, México : _bEl autor, _c2018 |
||
| 300 |
_axv, 78 hojas : _bilustraciones, mapas, gráficas, diagramas, tablas, fotos + _e1 CD-ROM |
||
| 336 |
_2rdacontent _atexto _btxt |
||
| 337 |
_2rdamedia _ano mediado _bn |
||
| 338 |
_2rdacarrier _avolumen _bnc |
||
| 500 | _aEl CD contiene reporte | ||
| 502 |
_aTesis _b(Ingeniero Agroindustrial) -- _cUACh. Departamento de Ingeniería Agroindustrial, _d2018 |
||
| 504 | _aBibliografía: hojas 67-74 | ||
| 520 | 3 | _aLa presente investigación se desarrolló en la Universidad Autónoma Chapingo bajo la supervisión del MC. Salvador Martínez Romero y la asesoría de la Dra. Ma. Carmen Ybarra Moncada y del I.B.Q. Félix Esparza Torres. En esta investigación se realizó el aislamiento y caracterización de cepas de levadura presentes en zarzamora (Rubus spp.) con el objetivo de evaluar su capacidad fermentativa mediante un modelo mixto. El diseño de tratamientos considero los factores: Cepa de levadura con dos niveles y Temperatura con tres niveles, generando seis tratamientos los cuales se ensayaron cuatro veces cada uno. El experimento fue longitudinal con mediciones cada ocho horas durante tres días. Las variables respuestas evaluadas fueron: consumo de sustrato (°Bx), pH y porcentaje de alcohol producido (% de etanol). Ello permitió identificar el tratamiento con mayor poder fermentativo para su uso en la elaboración de vino de zarzamora. El análisis estadístico mostró que el tratamiento C2T20 tuvo la mayor capacidad fermentativa cuya levadura fue más eficiente (C2) de acuerdo con los criterios de evaluación para ser empelada en la elaboración de vino de zarzamora. El efecto de la C2 en combinación de la temperatura de fermentación a 20 ºC fue significativamente superior (?=0.05) al de los demás tratamientos, sobre la capacidad fermentativa. La cepa de levadura más eficiente (C2) en cuanto a poder fermentativo se refiere, fue aislada del inóculo con mayor grado de sulfitación -- | |
| 520 | 3 | _aThe present research was developed in the Autonomous University of Chapingo under the supervision of the MC. Salvador Martínez Romero and the advice of Dr. Ma. Carmen Ybarra Moncada and I.B.Q. Felix Esparza Torres In this research, the isolation and characterization of yeast strains present in blackberry (Rubus spp.) Was carried out with the objective of evaluating their fermentative capacity through a mixed model. The design of treatments considered the factors: yeast strain with two levels and temperature with three levels, generating six treatments which were tested four times each. The experiment was longitudinal with measurements every eight hours for three days. The variables evaluated were: substrate consumption (°Bx), pH and percentage of alcohol produced (% ethanol). This allowed to identify the treatment with greater fermentative power for its use in the elaboration of blackberry wine. The statistical analysis showed that the C2T20 treatment had the highest fermentative capacity whose yeast was more efficient (C2) according to the evaluation criteria to be used in the elaboration of blackberry wine. The effect of the C2 in combination of the fermentation temperature at 20 ºC was significantly higher (? = 0.05) than the other treatments, on the fermentative capacity. The most efficient yeast strain (C2) in terms of fermentative power, was isolated from the inoculum with a higher degree of sulfitation. | |
| 650 | 1 | 3 |
_aZarzamora _2atg _xVinificación |
| 650 | 1 | 3 |
_aCepas _2atg |
| 650 | 1 | 3 |
_aLevaduras del vino _2atg |
| 650 | 1 | 3 |
_aBlackberries _2atg _xWinemaking |
| 650 | 1 | 3 |
_aStrains _2atg |
| 650 | 1 | 3 |
_aWine yeasts _2atg |
| 700 | 1 |
_aGarcía Menénguez, Oscar _eautor |
|
| 700 | 1 |
_aMartínez Romero, Salvador _edirector |
|
| 700 | 1 |
_aYbarra Moncada, Ma. Carmen _easesora |
|
| 700 | 1 |
_aEsparza Torres, Félix _easesor |
|
| 856 | 4 | 1 |
_uhttp://10.13.5.2/tesis/sist115122.pdf _yDESCARGAR PDF |
| 901 | _aTESIS B37 2018 | ||
| 902 | _aM | ||
| 905 | _a5232272018 mx dnml8223123322spa16 | ||
| 942 |
_cTESIS _2Clasificación Universidad Autónoma Chapingo |
||
| 999 |
_c209714 _d209714 |
||